Il terremoti andalusi cominciati il 25 dicembre 1884 : (Record no. 166036)

MARC details
000 -LEADER
campo de control de longitud fija 01029nam a22002295i 4500
001 - NÚMERO DE CONTROL
campo de control 166036
003 - IDENTIFICADOR DE NÚMERO DE CONTROL
campo de control ES-MaACL
005 - FECHA Y HORA DE LA ÚLTIMA TRANSACCIÓN
campo de control 20250726063044.0
008 - DATOS DE LONGITUD FIJA--INFORMACIÓN GENERAL
campo de control de longitud fija 050919s1886 it | |||||||| ||ita d
080 ## - NÚMERO DE LA CLASIFICACIÓN DECIMAL UNIVERSAL
Número de la Clasificación Decimal Universal 550.348.436(460.35)"18"
100 1# - ENTRADA PRINCIPAL--NOMBRE DE PERSONA
Nombre de persona Taramelli, Torquato,
Fechas asociadas al nombre 1845-1922
Término indicativo de función/relación Autor
9 (RLIN) 224308
245 13 - MENCIÓN DEL TÍTULO
Título Il terremoti andalusi cominciati il 25 dicembre 1884 :
Resto del título memoria /
Mención de responsabilidad, etc. di T. Taramelli e G. Mercalli
260 ## - PUBLICACIÓN, DISTRIBUCIÓN, ETC.
Lugar de publicación, distribución, etc. Roma :
Nombre del editor, distribuidor, etc. [s.n.],
Fecha de publicación, distribución, etc. 1886
Fabricante (Tip. della R. Academia dei Lincei)
300 ## - DESCRIPCIÓN FÍSICA
Extensión 110 páginas, [2] hojas plegadas de mapas, [2] hojas de láminas ;
Dimensiones 30 cm
594 ## - Nota al título y mención de responsabilidad
Nota al título y mención de responsabilidad Precede al tít.: Reale Accademia dei Lincei (Anno CCLXXXIII, 1885-86)
650 #4 - PUNTO DE ACCESO ADICIONAL DE MATERIA--TÉRMINO DE MATERIA
Término de materia o nombre geográfico como elemento de entrada Terremotos-
Subdivisión geográfica Andalucía-
Subdivisión cronológica S.XIX
9 (RLIN) 17487
700 1# - ENTRADA AGREGADA--NOMBRE PERSONAL
Nombre de persona Mercalli, Giuseppe,
Fechas asociadas al nombre 1850-1914
Término indicativo de función/relación Autor
9 (RLIN) 129847
852 ## - LOCALIZACIÓN
Ubicación ES-MaACL
Ubicación en estantería Depósito folletos
Donativo/Legado Legado de Federico de Botella y de Hornos
Número de control de estantería T-896-F-2
Encuadernación Enc. en un vol. facticio
-- Holandesa, conservando enc. original
942 ## - ELEMENTOS DE ENTRADA SECUNDARIOS (KOHA)
Fuente del sistema de clasificación o colocación Clasificación decimal universal
Tipo de ítem Koha Folleto
Suprimir en OPAC No
Holdings
Estatus retirado Estado de pérdida Fuente del sistema de clasificación o colocación Estado de daño No para préstamo Colección Biblioteca de origen Biblioteca actual Ubicación en estantería Fecha de adquisición Fuente de adquisición Total de préstamos Signatura topográfica completa Código de barras Visto por última vez Tipo de ítem Koha
    Clasificación decimal universal     Colección de folletos Biblioteca del Ateneo de Madrid Biblioteca del Ateneo de Madrid Depósito folletos 17/01/2008 Legado   T-896-F-2 1174128 23/02/2023 Folleto